Gender, generation and geography in a Mexican transnational community (Record no. 41794)

000 -LEADER
fixed length control field 01375pab a2200157 454500
008 - FIXED-LENGTH DATA ELEMENTS--GENERAL INFORMATION
fixed length control field 180718b1999 xxu||||| |||| 00| 0 eng d
100 ## - MAIN ENTRY--PERSONAL NAME
Personal name Hirsch, Jennifer S.
245 ## - TITLE STATEMENT
Title Gender, generation and geography in a Mexican transnational community
260 ## - PUBLICATION, DISTRIBUTION, ETC.
Date of publication, distribution, etc. 1999
300 ## - PHYSICAL DESCRIPTION
Extent p.1332-349
362 ## - DATES OF PUBLICATION AND/OR SEQUENTIAL DESIGNATION
Dates of publication and/or sequential designation Jun-Jul
520 ## - SUMMARY, ETC.
Summary, etc. This study explores generational and migration-related changes in gender and marriage in two locations of a transnational community of Mexicans: the sending community in western Mexico and the receiving community in Atlanta. The principal method was life histories, focusing on 13 women in Atlanta and their sisters or sisters-in-law in Mexico; life history informants' mothers and husbands were also interviewed. A generational paradigm shift in marital ideals has occurred, from an ideal of respeto (respect) to one of confianza (trust), characterized by cooperative decision making, heterosociality, a less gendered division of labor in social reproduction, and a new role for marital sexuality. Although women on both sides of the frontera (border) share this companionate ideal, economic opportunities, more privacy, and some legal protection from domestic violence gave women in Atlanta more leverage to push for these companionate marriages. - Reproduced
650 ## - SUBJECT ADDED ENTRY--TOPICAL TERM
Topical term or geographic name entry element Immigration
773 ## - HOST ITEM ENTRY
Main entry heading American Behavioral Scientist
909 ## -
-- 41794
Holdings
Withdrawn status Lost status Damaged status Not for loan Permanent Location Current Location Date acquired Serial Enumeration / chronology Barcode Date last seen Price effective from Koha item type
        Indian Institute of Public Administration Indian Institute of Public Administration 2018-07-19 Volume no: 42, Issue no: 9 AR42171 2018-07-19 2018-07-19 Articles

Powered by Koha